[Event "GRE-chT 42nd"]
[Site "Porto Rio"]
[Date "2014.06.29"]
[Round "3.8"]
[White "Bekakos, Mihail"]
[Black "Doulidis, Pavlos Georgios"]
[Result "1/2-1/2"]
[WhiteElo "1604"]
[BlackElo "1672"]
[PlyCount "60"]
[EventDate "2014.06.28"]
[EventType "team-swiss"]
[EventRounds "7"]
[EventCountry "GRE"]
[SourceTitle "CBM 161 Extra"]
[Source "ChessBase"]
[SourceDate "2014.08.29"]
[SourceVersion "1"]
[SourceVersionDate "2014.08.29"]
[SourceQuality "1"]
[WhiteTeam "Korydallos"]
[BlackTeam "Ikarias Tzelepis"]
[WhiteTeamCountry "GRE"]
[BlackTeamCountry "GRE"]

1. e4 e6 2. d4 d5 3. Nc3 dxe4 4. Nxe4 Nd7 5. Nf3 Ngf6 6. Bg5 Be7 7. Bd3 Nxe4 8. Bxe7 Qxe7 9. Bxe4 Nf6 10. Qe2 Nxe4 11. Qxe4 Qb4+ 12. c3 Qxb2 13. 0-0 c6 14. c4 Qb4 15. c5 Qc4 16. Nd2 Qd5 17. Qd3 b6 18. Rfc1 0-0 19. Rab1 e5 20. cxb6 axb6 21. Rxb6 Rxa2 22. Nb3 exd4 23. Qb1 Bh3 24. gxh3 Qg5+ 25. Kf1 Rxf2+ 26. Kxf2 Qe3+ 27. Kf1 Qf3+ 28. Kg1 Qe3+ 29. Kf1 Qf3+ 30. Kg1 Qe3+ 1/2-1/2

[Event "GRE-chT 41st"]
[Site "Achaia"]
[Date "2013.07.04"]
[Round "4.8"]
[White "Doulidis, Pavlos Georgios"]
[Black "Megalios, Konstantinos"]
[Result "0-1"]
[WhiteElo "1675"]
[BlackElo "2116"]
[PlyCount "94"]
[EventDate "2013.07.02"]
[EventType "team-swiss"]
[EventRounds "7"]
[EventCountry "GRE"]
[SourceTitle "CBM 155 Extra"]
[Source "ChessBase"]
[SourceDate "2013.08.26"]
[SourceVersion "1"]
[SourceVersionDate "2013.08.26"]
[SourceQuality "1"]
[WhiteTeam "Ikarias Tzelepis"]
[BlackTeam "Chess Spring"]
[WhiteTeamCountry "GRE"]
[BlackTeamCountry "GRE"]

1. e4 c5 2. Nf3 d6 3. d4 cxd4 4. Nxd4 Nf6 5. Nc3 a6 6. Be3 e5 7. Nb3 Be6 8. Be2 Be7 9. 0-0 0-0 10. Qd2 Nbd7 11. Rad1 Rc8 12. f4 exf4 13. Bxf4 Ne5 14. Kh1 Re8 15. Qd4 Qc7 16. Rfe1 Red8 17. Nd5 Nxd5 18. exd5 Bf5 19. c3 Bf6 20. Qf2 Bg6 21. Bg3 Re8 22. Nd4 Qb6 23. Bf3 Nd3 24. Rxe8+ Rxe8 25. Qd2 Nxb2 26. Re1 Rxe1+ 27. Qxe1 h6 28. Be4 Bxd4 29. Bxg6 fxg6 30. cxd4 Qxd4 31. Qe6+ Kh7 32. h3 Nc4 33. Bxd6 Ne3 34. Be5 Qxd5 35. Qxd5 Nxd5 36. a4 b5 37. axb5 axb5 38. Kg1 g5 39. Kf2 Kg6 40. Kf3 Nf6 41. g3 Kf5 42. Bb2 h5 43. Bd4 g6 44. Ke3 g4 45. hxg4+ Nxg4+ 46. Kf3 b4 47. Bb2 Ne5+ 0-1

[Event "GRE-chT 37th"]
[Site "Kallithea"]
[Date "2009.07.04"]
[Round "1"]
[White "Papadopoulos, Panayotis"]
[Black "Doulidis, Pavlos Georgios"]
[Result "1-0"]
[WhiteElo "1899"]
[BlackElo "1554"]
[PlyCount "77"]
[EventDate "2009.07.03"]
[EventType "team-tourn"]
[EventRounds "9"]
[EventCountry "GRE"]
[SourceTitle "CBM 131 Extra"]
[Source "ChessBase"]
[SourceDate "2009.09.03"]
[SourceVersion "2"]
[SourceVersionDate "2009.09.16"]
[SourceQuality "1"]

1. Nf3 Nf6 2. d4 g6 3. g3 Bg7 4. Bg2 d5 5. 0-0 0-0 6. Nbd2 Nbd7 7. c4 dxc4 8. Nxc4 c5 9. e3 Nb6 10. Nce5 cxd4 11. exd4 Ng4 12. Be3 Nxe3 13. fxe3 Nd5 14. Qb3 Bh6 15. Rae1 Be6 16. Qa3 b5 17. e4 b4 18. Qd3 Nf6 19. d5 Ng4 20. dxe6 Qb6+ 21. Kh1 Nf2+ 22. Rxf2 Qxf2 23. exf7+ Kh8 24. Ng4 Qxb2 25. Nxh6 Rad8 26. Qb3 Qxb3 27. axb3 Kg7 28. Ng5 Kxh6 29. Ne6 Rb8 30. Rf1 a5 31. g4 g5 32. e5 a4 33. bxa4 b3 34. Be4 b2 35. Bb1 Rbc8 36. Nxf8 Rxf8 37. e6 Kg7 38. a5 Ra8 39. f8Q+ 1-0